00439nam a2200169Ia 4500003000400000005001700004008004000021020001700061040000700078041000800085082001300093100003900106245007000145250000600215260004000221300000800261OSt20220610154859.0210210b2003 xxu||||| |||| 00| 0 eng d a0333 92116 0 cAL aeng a428 SRIC aKRISHNASWAMY (N) and SRIRAMAN (T). aCurrent english for colleges: a course for undergraduate learners a7 aChennaibMacmillan India Ltd.c2003 a168